Управление документооборотом в системе качества предприятия; Методы менеджмента качества; № 4

書誌詳細
Parent link:Методы менеджмента качества: научно-технический журнал/ Всероссийская организация качества (ВОК).— , 1999-.— 0130-6898
№ 4.— 2002.— С. 28-31
第一著者: Микульчик А. А.
その他の著者: Мичасов В. А.
言語:ロシア語
出版事項: 2002
シリーズ:Информационные технологии
主題:
フォーマット: 図書の章
KOHA link:https://koha.lib.tpu.ru/cgi-bin/koha/opac-detail.pl?biblionumber=384130

MARC

LEADER 00000naa2a2200000 4500
001 384130
005 20231101063222.0
035 |a (RuTPU)RU\TPU\prd\10570 
090 |a 384130 
100 |a 20030217a2002 k y0rusy50 ca 
101 0 |a rus 
102 |a RU 
200 1 |a Управление документооборотом в системе качества предприятия  |f А. А. Микульчик, В. А. Мичасов 
225 1 |a Информационные технологии 
320 |a Библиогр.: 5 назв. 
461 1 |0 (RuTPU)RU\TPU\prd\1635  |x 0130-6898  |t Методы менеджмента качества  |o научно-технический журнал  |f Всероссийская организация качества (ВОК)  |d 1999- 
463 1 |0 (RuTPU)RU\TPU\prd\3939  |t № 4  |v С. 28-31  |d 2002 
610 1 |a документооборот 
610 1 |a предприятия 
610 1 |a система качества 
610 1 |a управление 
700 1 |a Микульчик  |b А. А. 
701 1 |a Мичасов  |b В. А. 
801 1 |a RU  |b 63413507  |c 20030217  |g PSBO 
801 2 |a RU  |b 63413507  |c 20130520  |g RCR 
942 |c BK